LEADER 00787nam0-2200265 --450 001 9910990393103321 005 20250409114224.0 100 $a20250409d1930----kmuy0itay5050 ba 101 0 $afre 102 $aFR 105 $a 001yy 200 1 $aFabrication des essences et des parfums$echimie des parfums$fpar J. -P. Durvelle 205 $a3. edition entierement refondue et mise a jour 210 $aParis$cDesforges$d1930 215 $aVI, 807 p.$d25 cm. 610 0 $aProfumi 676 $a668.5$v18$zita 700 1$aDurvelle,$bJ. -P.$01802895 801 0$aIT$bUNINA$gREICAT$2UNIMARC 901 $aBK 912 $a9910990393103321 952 $aA MUSA 65$b03/2724/25$fFAGBC 959 $aFAGBC 996 $aFabrication des essences et des parfums$94349253 997 $aUNINA